| 000 | 01321nam a2200313 c 4500 | ||
|---|---|---|---|
| 003 | BLK | ||
| 005 | 20180422102111.0 | ||
| 008 | 180408b bul|||||r ||||||| ||bul|| | ||
| 010 | _aKNG00061526000 | ||
| 040 | _aBLK | ||
| 041 |
_aBUL _cBUL |
||
| 080 |
_aПриложна биология въобще. Биотехнология. Генно инженерство. - Общи въпроси _b573.6 _x _z573.6 |
||
| 100 | 1 |
_aСасон, Албер _eпърви автор _9287669 |
|
| 700 | 1 |
_aХристова, Петя _eпрев. от фр. _9368259 |
|
| 700 | 1 |
_aПанайотов, Христо _eпредг. от _9369526 |
|
| 139 |
_aСасон, Албер _bС 20 |
||
| 245 | 1 | 0 |
_aБиотехнологиите - предизвикателства и надежди _bНауч.-попул. четиво _cАлбер Сасон; прев. от фр. Петя Христова; предг. от Христо Панайотов. |
| 257 | _aBGR | ||
| 260 |
_аСофия _bНаука и изкуство _c1988 |
||
| 300 |
_a188 с. _bс табл., сх., ил., 18 л. ил _c19Х20 см |
||
| 380 | _a5 | ||
| 500 | _aБиблиогр. с. 180-186 | ||
| 650 | 4 |
_aБиотехнологии _9148733 |
|
| 852 | _aЦб 154792 | ||
| 856 | 4 |
_qpdf _u |
|
| 856 | 4 |
_qpdf _u |
|
| 942 |
_cKNG _n0 |
||
| 944 |
_aCR _c13.06.2004 _kЧиталня |
||
| 944 |
_aED _c18.09.2015 _k |
||
| 999 |
_c57522 _d57522 |
||